Риторика: учебное пособие

Dettagli Bibliografici
Autore principale: Аннушкин В. И. Владимир Иванович
Riassunto:В пособии рассмотрена классическая и современная проблематика риторики, поставлены вопросы формирования личности ритора, владеющего речью — инструментом управления и организации любой профессиональной деятельности. Настоящее пособие предназначено для студентов гуманитарных факультетов, начинающих изучать риторику как науку и искусство убедительной и эффективной речи. Материалы пособия могут использоваться на курсах риторики и культуры общения, а также всеми, кто интересуется проблемами речевого мастерства, ораторского искусства, культуры речи.
Lingua:russo
Pubblicazione: Москва, Флинта, 2006
Soggetti:
Natura: Libro
KOHA link:https://koha.lib.tpu.ru/cgi-bin/koha/opac-detail.pl?biblionumber=97045

MARC

LEADER 00000nam0a2200000 4500
001 97045
005 20231101214115.0
010 |a 5893499336 
035 |a (RuTPU)RU\TPU\book\104011 
090 |a 97045 
100 |a 20060522d2006 m y0rusy50 ca 
101 0 |a rus 
102 |a RU 
105 |a y j 001zy 
200 1 |a Риторика  |e учебное пособие  |f В. И. Аннушкин 
210 |a Москва  |c Флинта  |d 2006 
215 |a 292 с. 
320 |a Библиогр.: с. 287-291. 
330 |a В пособии рассмотрена классическая и современная проблематика риторики, поставлены вопросы формирования личности ритора, владеющего речью — инструментом управления и организации любой профессиональной деятельности. Настоящее пособие предназначено для студентов гуманитарных факультетов, начинающих изучать риторику как науку и искусство убедительной и эффективной речи. Материалы пособия могут использоваться на курсах риторики и культуры общения, а также всеми, кто интересуется проблемами речевого мастерства, ораторского искусства, культуры речи. 
606 1 |a Риторика  |2 stltpush  |3 (RuTPU)RU\TPU\subj\25247  |9 49450 
610 1 |a речь 
610 1 |a теория 
610 1 |a обучение 
610 1 |a история 
610 1 |a словесные науки 
610 1 |a словесность 
610 1 |a Россия 
610 1 |a ораторское искусство 
610 1 |a ораторы 
610 1 |a тема 
610 1 |a аргументация 
610 1 |a стили 
610 1 |a стилистика 
610 1 |a телодвижения 
610 1 |a учебная речь 
610 1 |a красноречие 
610 1 |a учебные пособия 
686 |a Ч711.211я73  |v LBC/SL-A  |2 rubbk 
700 1 |a Аннушкин  |b В. И.  |g Владимир Иванович 
801 1 |a RU  |b 63413507  |c 20060522  |g PSBO 
801 2 |a RU  |b 63413507  |c 20171101  |g PSBO 
900 |a Риторика и основы ораторского искусства 
942 |c BK 
959 |a 35/20060519  |d 2  |e 0  |f АНЛ:1  |f ЧЗГЛ:1